<?xml version="1.0" encoding="UTF-8"?>
<record
    xmlns:xsi="http://www.w3.org/2001/XMLSchema-instance"
    xsi:schemaLocation="http://www.loc.gov/MARC21/slim http://www.loc.gov/standards/marcxml/schema/MARC21slim.xsd"
    xmlns="http://www.loc.gov/MARC21/slim">

  <leader>01079nam a22002657a 4500</leader>
  <controlfield tag="001">BD-DhSAU 9278</controlfield>
  <controlfield tag="003">BD-DhSAU</controlfield>
  <controlfield tag="005">20260512115354.0</controlfield>
  <controlfield tag="008">260512b2018    bg a|||| m||| 00| 0 eng d</controlfield>
  <datafield tag="040" ind1=" " ind2=" ">
    <subfield code="a">BD-DhSAU</subfield>
  </datafield>
  <datafield tag="082" ind1=" " ind2=" ">
    <subfield code="2">22</subfield>
    <subfield code="a">631.4</subfield>
    <subfield code="b">Sa314</subfield>
  </datafield>
  <datafield tag="100" ind1=" " ind2=" ">
    <subfield code="a">ISLAM, MD. SALAMUN</subfield>
    <subfield code="e">Registration # 22010080</subfield>
  </datafield>
  <datafield tag="245" ind1=" " ind2=" ">
    <subfield code="a">Response of potato (solanum tuberosum) to natural elicitors (salicylic acid, yeast extracts and  chitosan)  /</subfield>
    <subfield code="b">MS thesis </subfield>
  </datafield>
  <datafield tag="260" ind1=" " ind2=" ">
    <subfield code="a">Sher-e-Bangla Agricultural University;</subfield>
    <subfield code="b">Department of Soil Science, ;</subfield>
    <subfield code="c">2024.</subfield>
  </datafield>
  <datafield tag="300" ind1=" " ind2=" ">
    <subfield code="a">vii, 77p. :</subfield>
    <subfield code="b">ill. ;</subfield>
    <subfield code="c">30 cm.</subfield>
  </datafield>
  <datafield tag="500" ind1=" " ind2=" ">
    <subfield code="a">MS thesis of Department of Soil Science, ;, Faculty of Agriculture. Sher-e-Balgla Agricultural University Dhaka-1207</subfield>
  </datafield>
  <datafield tag="504" ind1=" " ind2=" ">
    <subfield code="a">Includes bibliographical reference. </subfield>
  </datafield>
  <datafield tag="590" ind1=" " ind2=" ">
    <subfield code="a">Nazmul</subfield>
  </datafield>
  <datafield tag="650" ind1=" " ind2=" ">
    <subfield code="a">potato (solanum tuberosum)</subfield>
  </datafield>
  <datafield tag="650" ind1=" " ind2=" ">
    <subfield code="a">natural elicitors (salicylic acid, yeast extracts and  chitosan) </subfield>
  </datafield>
  <datafield tag="700" ind1=" " ind2=" ">
    <subfield code="a">Prof. Dr. Mohammad Issak</subfield>
    <subfield code="e">Superviser</subfield>
  </datafield>
  <datafield tag="710" ind1=" " ind2=" ">
    <subfield code="e">Co-Superviser</subfield>
    <subfield code="a">Assoc. Prof.  Dr.  A.S.M. Fazle Bari</subfield>
  </datafield>
  <datafield tag="942" ind1=" " ind2=" ">
    <subfield code="2">ddc</subfield>
    <subfield code="c">THESIS</subfield>
  </datafield>
  <datafield tag="999" ind1=" " ind2=" ">
    <subfield code="c">18384</subfield>
    <subfield code="d">18383</subfield>
  </datafield>
  <datafield tag="952" ind1=" " ind2=" ">
    <subfield code="0">0</subfield>
    <subfield code="1">0</subfield>
    <subfield code="2">ddc</subfield>
    <subfield code="4">0</subfield>
    <subfield code="7">1</subfield>
    <subfield code="8">REF</subfield>
    <subfield code="a">BD-DhSAU</subfield>
    <subfield code="b">BD-DhSAU</subfield>
    <subfield code="d">2026-05-12</subfield>
    <subfield code="l">0</subfield>
    <subfield code="o">631.4 Sa314</subfield>
    <subfield code="p">46259</subfield>
    <subfield code="r">2026-05-12 11:54:08</subfield>
    <subfield code="w">2026-05-12</subfield>
    <subfield code="y">THESIS</subfield>
  </datafield>
</record>
